<?xml version="1.0" encoding="UTF-8"?>
<record
    xmlns:xsi="http://www.w3.org/2001/XMLSchema-instance"
    xsi:schemaLocation="http://www.loc.gov/MARC21/slim http://www.loc.gov/standards/marcxml/schema/MARC21slim.xsd"
    xmlns="http://www.loc.gov/MARC21/slim">

  <leader>008160000a22002410004500</leader>
  <datafield tag="041" ind1="0" ind2=" ">
    <subfield code="a">Espa&#xF1;ol</subfield>
  </datafield>
  <datafield tag="090" ind1=" " ind2=" ">
    <subfield code="a">MM</subfield>
    <subfield code="b">00007</subfield>
  </datafield>
  <datafield tag="245" ind1="1" ind2="0">
    <subfield code="a">Desarrollo silvicultural en el Pac&#xED;fico, Buenaventura y bajo Calima</subfield>
  </datafield>
  <datafield tag="300" ind1=" " ind2=" ">
    <subfield code="a">17 min.</subfield>
    <subfield code="b">BETA</subfield>
  </datafield>
  <datafield tag="650" ind1="1" ind2="4">
    <subfield code="a">Bosques tropicales</subfield>
    <subfield code="9">92765</subfield>
  </datafield>
  <datafield tag="650" ind1="1" ind2="4">
    <subfield code="a">Especies forestales nativas</subfield>
    <subfield code="9">19406</subfield>
  </datafield>
  <datafield tag="650" ind1="1" ind2="4">
    <subfield code="a">Manejo de bosques naturales</subfield>
    <subfield code="9">15128</subfield>
  </datafield>
  <datafield tag="650" ind1="1" ind2="4">
    <subfield code="a">Regeneraci&#xF3;n natural</subfield>
    <subfield code="9">6918</subfield>
  </datafield>
  <datafield tag="650" ind1="1" ind2="4">
    <subfield code="a">Uso del bosque</subfield>
    <subfield code="9">100888</subfield>
  </datafield>
  <datafield tag="651" ind1=" " ind2="4">
    <subfield code="m">Tumaco</subfield>
    <subfield code="d">Nari&#xF1;o</subfield>
    <subfield code="p">Colombia</subfield>
    <subfield code="9">92749</subfield>
  </datafield>
  <datafield tag="651" ind1=" " ind2="4">
    <subfield code="m">San Isidro</subfield>
    <subfield code="d">Valle del Cauca</subfield>
    <subfield code="p">Colombia</subfield>
    <subfield code="9">92749</subfield>
  </datafield>
  <datafield tag="651" ind1=" " ind2="4">
    <subfield code="m">Riosucio</subfield>
    <subfield code="d">Choc&#xF3;</subfield>
    <subfield code="p">Colombia</subfield>
    <subfield code="9">92749</subfield>
  </datafield>
  <datafield tag="041" ind1="0" ind2=" ">
    <subfield code="a">Espa&#xF1;ol</subfield>
  </datafield>
  <datafield tag="044" ind1=" " ind2=" ">
    <subfield code="a">Colombia</subfield>
  </datafield>
  <datafield tag="110" ind1="1" ind2=" ">
    <subfield code="a">Instituto Nacional de los Recursos Renovables y del Ambiente</subfield>
    <subfield code="s">INDERENA</subfield>
    <subfield code="9">100867</subfield>
  </datafield>
  <datafield tag="260" ind1=" " ind2=" ">
    <subfield code="a">Bogot&#xE1;</subfield>
    <subfield code="b">INDERENA</subfield>
    <subfield code="c">1992</subfield>
  </datafield>
  <datafield tag="942" ind1=" " ind2=" ">
    <subfield code="c">CD-ROM</subfield>
  </datafield>
  <datafield tag="999" ind1=" " ind2=" ">
    <subfield code="c">16471</subfield>
    <subfield code="d">16471</subfield>
  </datafield>
  <datafield tag="952" ind1=" " ind2=" ">
    <subfield code="0">0</subfield>
    <subfield code="1">0</subfield>
    <subfield code="2">z</subfield>
    <subfield code="4">0</subfield>
    <subfield code="7">0</subfield>
    <subfield code="8">MEDIOSM</subfield>
    <subfield code="a">Bogota</subfield>
    <subfield code="b">Bogota</subfield>
    <subfield code="d">2017-02-09</subfield>
    <subfield code="e">Inderena</subfield>
    <subfield code="l">0</subfield>
    <subfield code="o">AV-00007</subfield>
    <subfield code="p">018197</subfield>
    <subfield code="r">2015-03-25 00:00:00</subfield>
    <subfield code="t">Ej. 1</subfield>
    <subfield code="w">2015-03-25</subfield>
    <subfield code="x">Donacion</subfield>
    <subfield code="y">BETAMAX</subfield>
  </datafield>
  <datafield tag="952" ind1=" " ind2=" ">
    <subfield code="0">0</subfield>
    <subfield code="1">0</subfield>
    <subfield code="2">z</subfield>
    <subfield code="4">0</subfield>
    <subfield code="7">0</subfield>
    <subfield code="8">MEDIOSM</subfield>
    <subfield code="a">Bogota</subfield>
    <subfield code="b">Bogota</subfield>
    <subfield code="d">2017-02-09</subfield>
    <subfield code="e">Inderena</subfield>
    <subfield code="l">0</subfield>
    <subfield code="o">AV-00007</subfield>
    <subfield code="p">018198</subfield>
    <subfield code="r">2015-03-25 00:00:00</subfield>
    <subfield code="t">Ej. 2</subfield>
    <subfield code="w">2015-03-25</subfield>
    <subfield code="x">Donacion</subfield>
    <subfield code="y">BETAMAX</subfield>
  </datafield>
  <datafield tag="952" ind1=" " ind2=" ">
    <subfield code="0">0</subfield>
    <subfield code="1">0</subfield>
    <subfield code="2">z</subfield>
    <subfield code="4">0</subfield>
    <subfield code="7">0</subfield>
    <subfield code="8">MEDIOSM</subfield>
    <subfield code="a">Bogota</subfield>
    <subfield code="b">Bogota</subfield>
    <subfield code="d">2017-02-09</subfield>
    <subfield code="e">Inderena</subfield>
    <subfield code="l">0</subfield>
    <subfield code="o">AV-00007</subfield>
    <subfield code="p">018223</subfield>
    <subfield code="r">2015-03-25 00:00:00</subfield>
    <subfield code="t">Ej. 3</subfield>
    <subfield code="w">2015-03-25</subfield>
    <subfield code="x">Donacion</subfield>
    <subfield code="y">BETAMAX</subfield>
  </datafield>
  <datafield tag="952" ind1=" " ind2=" ">
    <subfield code="0">0</subfield>
    <subfield code="1">0</subfield>
    <subfield code="2">z</subfield>
    <subfield code="4">0</subfield>
    <subfield code="7">0</subfield>
    <subfield code="8">MEDIOSM</subfield>
    <subfield code="a">Bogota</subfield>
    <subfield code="b">Bogota</subfield>
    <subfield code="d">2017-02-09</subfield>
    <subfield code="e">Inderena</subfield>
    <subfield code="l">0</subfield>
    <subfield code="o">AV-00007</subfield>
    <subfield code="p">018224</subfield>
    <subfield code="r">2015-03-25 00:00:00</subfield>
    <subfield code="t">Ej. 4</subfield>
    <subfield code="w">2015-03-25</subfield>
    <subfield code="x">Donacion</subfield>
    <subfield code="y">BETAMAX</subfield>
  </datafield>
  <datafield tag="952" ind1=" " ind2=" ">
    <subfield code="0">0</subfield>
    <subfield code="1">0</subfield>
    <subfield code="4">0</subfield>
    <subfield code="7">0</subfield>
    <subfield code="8">MEDIOSM</subfield>
    <subfield code="a">Villa</subfield>
    <subfield code="b">Villa</subfield>
    <subfield code="d">2015-02-27</subfield>
    <subfield code="e">INDERENA</subfield>
    <subfield code="l">0</subfield>
    <subfield code="o">MM 00007</subfield>
    <subfield code="p">AUTO_19842</subfield>
    <subfield code="r">2015-03-25 00:00:00</subfield>
    <subfield code="w">2015-03-25</subfield>
    <subfield code="x">Inderena</subfield>
    <subfield code="y">CD-ROM</subfield>
  </datafield>
  <datafield tag="952" ind1=" " ind2=" ">
    <subfield code="0">0</subfield>
    <subfield code="1">0</subfield>
    <subfield code="4">0</subfield>
    <subfield code="7">0</subfield>
    <subfield code="8">MEDIOSM</subfield>
    <subfield code="a">Villa</subfield>
    <subfield code="b">Villa</subfield>
    <subfield code="d">2015-02-27</subfield>
    <subfield code="e">INDERENA</subfield>
    <subfield code="l">0</subfield>
    <subfield code="o">MM 00007</subfield>
    <subfield code="p">AUTO_19843</subfield>
    <subfield code="r">2015-03-25 00:00:00</subfield>
    <subfield code="w">2015-03-25</subfield>
    <subfield code="x">Inderena</subfield>
    <subfield code="y">CD-ROM</subfield>
  </datafield>
  <datafield tag="952" ind1=" " ind2=" ">
    <subfield code="0">0</subfield>
    <subfield code="1">0</subfield>
    <subfield code="4">0</subfield>
    <subfield code="7">0</subfield>
    <subfield code="8">MEDIOSM</subfield>
    <subfield code="a">Villa</subfield>
    <subfield code="b">Villa</subfield>
    <subfield code="d">2015-02-27</subfield>
    <subfield code="e">INDERENA</subfield>
    <subfield code="l">0</subfield>
    <subfield code="o">MM 00007</subfield>
    <subfield code="p">AUTO_19844</subfield>
    <subfield code="r">2015-03-25 00:00:00</subfield>
    <subfield code="w">2015-03-25</subfield>
    <subfield code="x">Inderena</subfield>
    <subfield code="y">CD-ROM</subfield>
  </datafield>
  <datafield tag="952" ind1=" " ind2=" ">
    <subfield code="0">0</subfield>
    <subfield code="1">0</subfield>
    <subfield code="4">0</subfield>
    <subfield code="7">0</subfield>
    <subfield code="8">MEDIOSM</subfield>
    <subfield code="a">Villa</subfield>
    <subfield code="b">Villa</subfield>
    <subfield code="d">2015-02-27</subfield>
    <subfield code="e">INDERENA</subfield>
    <subfield code="l">0</subfield>
    <subfield code="o">MM 00007</subfield>
    <subfield code="p">AUTO_19845</subfield>
    <subfield code="r">2015-03-25 00:00:00</subfield>
    <subfield code="w">2015-03-25</subfield>
    <subfield code="x">Inderena</subfield>
    <subfield code="y">CD-ROM</subfield>
  </datafield>
</record>
